000
00258nam a2200109Ia 4500
008
240625s9999 xx 000 0 und d
041
_a
eng
082
_a
519.5 BER
100
_a
BERENSON MARK L
245
_a
BUSINESS STATISTICS A FIRST COURSE
260
_c
2011
999
_c
35162
_d
35162